Spotrebiteľské vnímanie kvality, ceny a hodnoty

Spotrebiteľské vnímanie hodnoty odzrkadľuje najmä vnímanie kvality a ceny. Cena a kvalita sú základným nástrojom spotrebiteľa, ktoré používa pri hodnotení úrovne poskytovaných služieb a predávaných tovarov. Úspešnosť podniku na spotrebiteľskom trhu výrazne určujú tieto premenné, ktoré majú signifika...

Ausführliche Beschreibung

Gespeichert in:
Bibliographische Detailangaben
1. Verfasser: Kintler, Jakub, 1979-
Format: Buchkapitel
Sprache:Slowakisch
Schlagworte:
Tags: Tag hinzufügen
Keine Tags, Fügen Sie das erste Tag hinzu!

MARC

LEADER 00000nla$a2200000$$$4500
001 0074314
005 20240502083212.2
041 0 |a slo 
044 |a CZ 
245 1 0 |a Spotrebiteľské vnímanie kvality, ceny a hodnoty  |c Jakub Kintler 
520 |a Spotrebiteľské vnímanie hodnoty odzrkadľuje najmä vnímanie kvality a ceny. Cena a kvalita sú základným nástrojom spotrebiteľa, ktoré používa pri hodnotení úrovne poskytovaných služieb a predávaných tovarov. Úspešnosť podniku na spotrebiteľskom trhu výrazne určujú tieto premenné, ktoré majú signifikantný dopad na hospodárenie podniku (predávajúceho). Úspešné poskytovanie hodnôt spotrebiteľom cez kvalitu a primerané ceny je základným kameňom budovania spokojnej a stabilnej klientely, ktorá je predpokladom budúcich rastúcich príjmov predávajúceho. 
610 2 0 |a spotrebitelia 
610 2 0 |a trh spotrebiteľský 
610 2 0 |a hodnota 
610 2 0 |a ceny 
610 2 0 |a kvalita 
610 2 0 |a kvalita výrobkov 
610 2 0 |a kvalita tovaru 
610 2 0 |a správanie spotrebiteľa 
100 1 |a Kintler, Jakub, 1979-